[Event "Reggio Emilia 54th"]
[Site "Reggio Emilia"]
[Date "2011.12.31"]
[Round "5"]
[White "Morozevich, Alexander"]
[Black "Vitiugov, Nikita"]
[Result "1-0"]
[WhiteElo "2762"]
[BlackElo "2729"]
[Annotator "Ftacnik,L"]
[PlyCount "81"]
[EventDate "2011.12.27"]
[EventType "tourn"]
[EventRounds "10"]
[EventCountry "ITA"]
[EventCategory "20"]
[SourceTitle "CBM 146"]
[Source "ChessBase"]
[SourceDate "2012.01.18"]
[SourceVersion "1"]
[SourceVersionDate "2012.01.18"]
[SourceQuality "1"]

1. d4 Nf6 2. c4 e6 3. Nc3 Bb4 4. Qc2 {The queen move to c2 has become the main
response to the Nimzo-Indian Defence. White is ready to recapture on c3 with
the queen investing quite a lot of time.} c5 5. dxc5 O-O 6. a3 Bxc5 7. Nf3 b6
8. e4 Nc6 {Black is definitely not behind in the development of pieces and
would love to use his mobility for generating counterplay.} (8... Ng4 9. Bg5
Qc7 10. Bh4 Ba6 11. Rd1 Bd6 12. Be2 Ne5 13. Nd4 Bxc4 14. Bxc4 Qxc4 15. Ndb5 Bb4
16. axb4 Nbc6 17. Qe2 Qxb4 18. O-O $18 {1-0 Ivanisevic,I (2550)-Jeremic,V 
(2490)/Topola 2004 (47)}) (8... Bb7 9. Bg5 h6 10. Bh4 Be7 11. Rd1 Nh5 12. Bxe7
Qxe7 13. g3 Nc6 14. Bg2 Nf6 15. O-O d6 16. Rfe1 Rac8 17. b3 Rfd8 18. Qb2 a6 19.
h3 Qc7 20. Re3 $11 {0-1 Krasenkow,M (2672)-Markus,R (2584)/Warsaw 2005 (67)})
9. b4 $5 {The older moves have not fared especially well, as the first player
can hope to benefit only from his relative space advantage.} (9. Bd3 Ng4 10.
O-O Qc7 11. Nb5 Qb8 12. h3 Nge5 13. Nxe5 Nxe5 14. Be2 a6 15. Nc3 Qc7 16. Kh1
Bb7 17. f4 Nc6 18. Bd3 Nd4 19. Qd1 f5 20. b4 Be7 $15 {1/2-1/2 Morozevich,A 
(2747)-Jakovenko,D (2671)/Pamplona 2006 (114)}) (9. Bg5 h6 10. Bh4 e5 11. Be2
a5 12. Rd1 Re8 13. Nd5 g5 14. Bg3 d6 15. Nxf6+ Qxf6 16. Qb1 Be6 17. h4 g4 18.
Nd2 a4 19. h5 Kh8 20. Nf1 Nd4 $15 {0-1 Likavsky,T (2478)-Dydyshko,V (2581)/
Cartak 2004 (49)}) 9... Nd4 {Vitiugov is taking the risk of opening the g-file
against his own king, since the opponent will pay the price in the form of a
damaged pawn structure. Should the concept prove to be too risky Black may
also try the interesting natural retreat of the bishop to d6.} (9... Bd6 10.
Bb2 Bb7 11. Nb5 Bb8 12. Bd3 Ng4 13. O-O $13) 10. Qd2 (10. Qd3 Nxf3+ 11. gxf3
Be7 12. e5 Ne8 13. Rg1 Bb7 14. Ne4 Bxe4 15. Qxe4 a5 16. b5 f5 17. Qe2 Rc8 18.
Bb2 Bc5 19. Rd1 Rf7 20. f4 $11 {1-0 Marcetic,N (2295)-Cabrilo,G (2475)/
Mataruska Banja 1997 (37)}) 10... Nxf3+ 11. gxf3 Be7 12. Rg1 (12. e5 $6 Ne8 13.
Bb2 Bb7 $15) 12... Kh8 {The corner square for the king may not be very
desirable, but the defender does not want to weaken the a1-h8 diagonal with
the timely move ...g7-g6.} (12... a5 $5 13. b5 (13. Bb2 $2 axb4 14. axb4 Rxa1+
15. Bxa1 Bxb4 16. Qg5 g6 17. e5 d5 18. exf6 d4 $17) 13... Qc7 14. Na4 Rb8 15.
Bb2 g6 $11) 13. Bb2 a5 14. b5 d6 15. O-O-O Rg8 {Prevention is definitely
better than cure, especially in the light of the failure in the event of the
natural move 15...Qc7?} (15... Qc7 $2 16. Rxg7 $1 Kxg7 17. Nd5 exd5 18. Qg5+
Kh8 19. Bxf6+ Bxf6 20. Qxf6+ Kg8 21. Bd3 Re8 22. exd5 Bh3 23. Rg1+ Kf8 24. Kb1
$18) 16. Kb1 Bb7 (16... a4 17. f4 Qc7 18. e5 dxe5 19. fxe5 Rd8 20. Qe2 Rxd1+
21. Nxd1 $16) 17. h4 {Storming the enemy barricades with the help of pawns is
a slow, but rather sure method. Morozevich might have focused his attention
also on the b6-square weakness.} (17. Na4 Nd7 18. Qf4 Qe8 19. Qe3 Qd8 20. Bd4
Rb8 $13) 17... Qc7 18. h5 h6 (18... Nxh5 19. Na4 (19. Rh1 Nf6 20. Na4 e5 21.
Qe3 Bd8 $11) 19... Nf6 20. Qd4 Nd7 21. Rxg7 e5 22. Rxg8+ Rxg8 23. Qe3 Rg1 24.
Nc3 $11) 19. Na4 e5 20. Qe3 Bd8 {Black is playing like a smart fox, since in
the event of the more natural 20...Nd7 White would not have to worry about the
defence of the e4-pawn.} (20... Nxh5 $2 21. Qxb6 Qxb6 22. Nxb6 $16) (20... Nd7
21. f4 (21. Bh3 Qxc4 22. Bxd7 Qxa4 23. Qxb6 Rab8 $15) 21... Rge8 22. f3 $11)
21. Bd3 Nd7 (21... Nxh5 22. Rh1 Nf6 23. f4 $14) 22. f4 Bf6 (22... exf4 23. Qxf4
Ne5 (23... Bg5 $2 24. Rxg5 hxg5 25. Qxf7 Raf8 26. Qe7 Qd8 27. Qxd6 $18) 24. Qe3
$14) 23. fxe5 Bxe5 {The defender was well advised to worry about White's
aggressive intentions. He could have damped them reasonably well with the help
of recapturing with the pawn.} (23... dxe5 $5 24. Nc3 Bg5 25. Qf3 Nc5 26. Nd5
Bxd5 27. exd5 Nxd3 28. Qxd3 Qd6 $11) 24. Bxe5 Nxe5 (24... dxe5 25. Be2 Rad8 26.
Kb2 $14) 25. Nxb6 (25. Qxb6 Qxb6 26. Nxb6 Nxd3 27. Nxa8 Nxf2 28. Nc7 Nxd1 29.
Rxd1 Bxe4+ 30. Kb2 $16) 25... Rae8 (25... Nxd3 26. Rxd3 (26. Nxa8 $2 Qxc4 27.
Rxd3 Bxe4 $19) 26... Rae8 27. f3 f5 28. Rd2 fxe4 29. f4 $14) 26. Nd5 Bxd5 27.
exd5 $6 {Many fine games live with the blemish of at least one weak spot. Both
players have believed, that the white pawn on c4 is nearly untouchable. With
hindsight it seems to have been a curious delusion.} (27. cxd5 Nxd3 28. Qxd3
Qc5 29. Rd2 Rb8 30. Rb2 Rgc8 31. Ka2 $16) 27... Nxd3 $2 (27... Nxc4 $1 28. Qc1
Rc8 29. Rge1 Qc5 30. Qxc4 Qxc4 31. Bxc4 Rxc4 32. Rc1 Rd4 33. Red1 Rxd1 34. Rxd1
Rb8 35. a4 g6 $14) 28. Qxd3 Re5 {[%mdl 2048] Black needs to generate
counterplay, otherwise White will find a way to advance his dangerous passed
pawns on the queenside.} (28... Qc5 29. Rd2 Re5 30. Ka2 Rxh5 31. Qd4 Qxd4 32.
Rxd4 Rf5 33. f4 $16) 29. Rde1 Rxh5 (29... Rge8 30. Rxe5 Rxe5 31. Qd4 f6 32. b6
Qe7 33. Ka1 $18) 30. Qd4 Qc8 (30... Rh3 31. Ka2 Qd7 32. Re3 Rxe3 33. fxe3 f6
34. b6 $16) 31. Kb2 Kh7 {Black is hoping to use the curious form of inner
symmetry in the position. He has two passed pawns on the kingside, but his
king needs much better protection against the annoying enemy pieces.} (31...
Qd7 32. Re4 f6 33. Rge1 Re5 34. f4 $16) 32. Re7 Rf5 (32... Qf5 33. Rg4 g5 34.
Qe4 Qxe4 35. Rgxe4 Kg7 36. Re3 $1 $16) 33. f4 (33. b6 Rf3 34. Rg3 Qf5 35. Rxf3
Qxf3 36. b7 h5 37. Kc2 Qxa3 38. Qe4+ Kh8 39. Rxf7 $16) 33... g5 $6 (33... Rf6
34. b6 Qh3 35. b7 a4 36. Qd1 $16) 34. fxg5 $6 {Morozevich is generous and does
not try to punish his opponent for the brave advance of the g-pawn. Pinning
the rook along the b1-h7 diagonal would have put Black on the losing edge.} (
34. Qe4 $1 Kg7 (34... Rg6 35. fxg5 hxg5 36. Rh1+ Kg7 37. Re8 $18) 35. b6 Qd8
36. Qxf5 Qxe7 37. fxg5 $18) 34... Rgxg5 (34... hxg5 35. b6 Qd8 36. Qe3 Kg6 37.
b7 $18) 35. Rge1 Rg4 (35... Rg3 36. R1e3 Rf2+ 37. Kb3 Rg4 38. Re8 $18) 36. Qd3
Kg7 37. Qc3+ {White seems to be winning, but he must take a great care in
order to tame the dangerous pair of black rooks.} (37. R1e2 Rf1 38. b6 Qc5 39.
b7 Qb6+ 40. Ka2 Rgg1 41. Qc3+ Kg6 42. Qb2 $16) 37... Kg6 (37... Rf6 38. Rf1
Rgg6 39. Re2 $18) (37... Kh7 38. b6 Rf2+ (38... Rxc4 39. Qd3) 39. Ka1 Rgg2 40.
Qd3+ Kg7 41. R7e2 Rxe2 42. Rxe2 Rxe2 43. Qxe2 Kf8 44. Qb2 $18) 38. b6 Qc5 $2 {
Time trouble has already caused lot of sorrow in the history of chess.
Vitiugov is activating his queen in order to breathe down the neck of the
white king. In the tragic twist for him White will be able to sacrifice his 
(old) queen!} (38... Rf2+ 39. Ka1 Rgg2 40. b7 Qb8 41. Qd3+ Kg7 42. Qd4+ Kg6 43.
Rh1 h5 44. Kb1 $16) 39. b7 Rg2+ (39... Qa7 40. Qh8 Rg2+ 41. Ka1 Qf2 42. Qg8+
Kh5 43. Rh1+ Rh2 44. Rxh2+ Qxh2 45. b8=Q $18) (39... Rxc4 40. b8=Q $1) 40. Ka1
Rf3 41. b8=Q $1 {In the end it becomes clear, that the black pieces have come
to show their strength simply too late.} (41. b8=Q $1 Rxc3 (41... Qxa3+ 42.
Qxa3 Rxa3+ 43. Kb1 $18) 42. Qg8+ Kh5 43. Rh1+ $18) 1-0

[Event "Hastings 9293"]
[Site "Hastings"]
[Date "1992.??.??"]
[Round "12"]
[White "Crouch, Colin S"]
[Black "Speelman, Jonathan S"]
[Result "1/2-1/2"]
[WhiteElo "2425"]
[BlackElo "2590"]
[Annotator "Ftacnik,L"]
[PlyCount "54"]
[EventDate "1992.12.??"]
[EventType "tourn"]
[EventRounds "14"]
[EventCountry "ENG"]
[EventCategory "13"]
[SourceTitle "CBM 033"]
[Source "ChessBase"]
[SourceDate "1993.04.01"]
[SourceVersion "1"]
[SourceVersionDate "1993.04.01"]
[SourceQuality "1"]

1. d4 Nf6 2. c4 e6 3. Nc3 Bb4 4. Qc2 O-O 5. Nf3 c5 6. dxc5 Na6 7. g3 Nxc5 8.
Bg2 b6 9. O-O Bb7 10. Bf4 Nce4 11. Nxe4 Bxe4 12. Qa4 Be7 13. Rfd1 Qc8 14. Ne5
Bxg2 15. Kxg2 Rd8 16. Bg5 a6 $1 17. Bxf6 b5 18. cxb5 Bxf6 19. Nf3 Bxb2 20. Rab1
axb5 21. Qxb5 Bf6 22. a4 Qc2 23. a5 Qa2 24. Ne5 $1 Bxe5 (24... Rxa5 25. Qxd7 $1
) 25. Qxe5 Rxa5 $4 (25... Qxa5 26. Qxa5 Rxa5 27. Rxd7 $10) 26. Rxd7 $4 (26. Rb8
$1 Ra8 27. Ra1 $3 Qxa1 (27... Rdxb8 28. Rxa2 $18) 28. Rxd8+ Rxd8 29. Qxa1)
26... Rf8 27. Rb2 Rxe5 1/2-1/2

[Event "Interpolis"]
[Site "Tilburg"]
[Date "1992.10.10"]
[Round "1.3"]
[White "Granda Zuniga, Julio E"]
[Black "Vladimirov, Yevgeniy"]
[Result "1-0"]
[WhiteElo "2565"]
[BlackElo "2585"]
[Annotator "Ftacnik,L"]
[PlyCount "123"]
[EventDate "1992.10.08"]
[EventType "k.o."]
[EventRounds "7"]
[EventCountry "NED"]
[SourceTitle "CBM 032"]
[Source "ChessBase"]
[SourceDate "1993.02.01"]
[SourceVersion "1"]
[SourceVersionDate "1993.02.01"]
[SourceQuality "1"]

{Barrage 30'} 1. c4 Nf6 2. Nc3 e6 3. d4 Bb4 4. Qc2 c5 5. dxc5 O-O 6. a3 Bxc5 7.
b4 Be7 8. Bb2 (8. Nf3 d5 9. e3 Nc6 10. Bb2 dxc4 11. Bxc4 Qc7 12. Ba2 Bd7 13.
Ne2 Rac8 14. Rc1 Qb6 15. Qb1 a5 16. Ng5 e5 17. Ng3 axb4 18. Nh5 g6 19. Nxf6+
Bxf6 20. Ne4 Be7 21. Ba1 Bf5 22. O-O Qa5 23. Rfd1 Qxa3 24. Bd5 Rfd8 25. h3 Rxd5
26. Rxd5 $19 {Jimenez,FJ-Rodrigues,M/ESP-ch/1991/}) 8... d6 (8... a5 9. b5 d5
10. e3 Nbd7 11. cxd5 exd5 12. Nf3 Nb6 13. Be2 (13. Bd3 Be6 14. O-O Rc8 15. Rac1
Nc4 16. Bxc4 Rxc4 17. Ne5 Rc8 18. Qd3 Qd6 19. f4 Rfd8 20. Na4 Ne4 21. Rxc8 Bxc8
22. Rc1 Be6 23. Qd4 Bf6 24. Qb6 Qxb6 25. Nxb6 {0,5/Skomorokhin,V-Terentiev,V/
URS-sf Voronez/1991/}) 13... Be6 14. O-O Rc8 15. Qb1 Bc5 16. Qd1 Bf5 17. Nh4
Be6 {0,5/Kuzmin,G-Ljubojevic,L/Riga izt/1979/}) 9. Nf3 Nbd7 10. e4 b6 11. Be2
Bb7 12. O-O a6 13. Rfd1 Qc7 14. Rac1 Rac8 15. Nd2 Rfe8 16. Kh1 (16. f4 d5 17.
e5 d4 $1 18. Nce4 (18. exf6 dxc3 19. Bxc3 Bxf6 $17) 18... Nd5 $17) 16... Qb8 (
16... d5 17. cxd5 exd5 18. Qa4 $1 $14) 17. Qd3 Bd8 18. f4 Bc7 19. Qg3 Qa8 (
19... e5 20. f5 $14) 20. Bd3 Nf8 21. Ne2 (21. Nb5 axb5 22. Bxf6 Ng6 23. Bb2
bxc4 24. Rxc4 e5 (24... d5 25. Rxc7 Rxc7 26. f5 $1) 25. f5 Nf4 $132) 21... e5
22. fxe5 dxe5 23. Nc3 Nh5 24. Qe3 Nf4 25. Bf1 N8g6 (25... a5 26. Nd5 axb4 27.
axb4 $14) 26. Nd5 Qa7 27. g3 Ne6 28. Bh3 Qb8 29. Nf3 Rcd8 30. Kg1 Bc8 31. Bg2
Bd7 32. h4 (32. c5 bxc5 33. Nxc7 Qxc7 34. bxc5 Bc6 $13) 32... h5 33. Rd3 Ba4
34. Bh3 Nd4 $6 35. Nxd4 exd4 36. Bxd4 Bc6 37. Rdc3 Bxd5 (37... Be5 38. Kg2 $16
(38. Bxb6 Bxc3 39. Bxd8 Bd4 40. Qxd4 Qxg3+ 41. Bg2 Bxd5 42. Qc3 $14)) 38. cxd5
Be5 39. Bf1 b5 40. Be2 Bxd4 41. Qxd4 Re5 42. Kg2 Rde8 43. Bf3 Qd8 44. d6 Nf8
45. Rc8 Qd7 46. Rxe8 Rxe8 47. Bxh5 Rd8 48. e5 Qe6 49. Bg4 (49. Rf1 $18) 49...
Qa2+ 50. Kh3 Qxa3 51. Ra1 Qb3 52. Rxa6 Ne6 53. Qf2 Qd5 (53... Qxb4 54. Ra7 Rf8
55. Rxf7 $18) 54. Qe1 Nd4 55. d7 Rxd7 (55... Nc2 56. Qd1 Nxb4 57. Qxd5 Nxd5 58.
e6 Kf8 59. exf7 Nf6 60. Be6 Ke7 61. Bb3 $16) 56. Bxd7 Qxd7+ 57. e6 Qb7 (57...
Nxe6 58. Ra8+ Kh7 59. Qe4+ g6 60. g4 $16) 58. Ra1 (58. e7 Qc8+ 59. g4 Ne6 60.
Rd6 $18) 58... Qd5 59. Qc3 (59. e7 Qf5+ 60. g4 Qf3+ 61. Qg3 $18) 59... Ne2 60.
Qe3 Qc4 61. Rf1 Nd4 62. Rf4 1-0

[Event "Munich SKA"]
[Site "Munich"]
[Date "1994.05.31"]
[Round "9"]
[White "Hertneck, Gerald"]
[Black "Lutz, Christopher"]
[Result "1/2-1/2"]
[WhiteElo "2615"]
[BlackElo "2595"]
[Annotator "Ftacnik,L"]
[PlyCount "46"]
[EventDate "1994.05.21"]
[EventType "tourn"]
[EventRounds "11"]
[EventCountry "GER"]
[EventCategory "16"]
[SourceTitle "CBM 042"]
[Source "ChessBase"]
[SourceDate "1994.10.01"]
[SourceVersion "1"]
[SourceVersionDate "1994.10.01"]
[SourceQuality "1"]

1. d4 Nf6 2. c4 e6 3. Nc3 Bb4 4. Qc2 O-O 5. Nf3 c5 6. dxc5 Na6 7. a3 Bxc3+ 8.
Qxc3 Nxc5 9. e3 a5 10. b3 d6 11. Nd2 (11. Be2 e5 12. O-O Nfe4 13. Qc2 f5 $132)
11... b6 12. Be2 Bb7 13. O-O e5 14. f3 Qe7 15. Bb2 Rfc8 16. e4 (16. Rac1 b5 $5
17. cxb5 Nd5 18. Qc2 Nxe3 $19) 16... a4 17. b4 Ne6 18. Qe3 $6 (18. Rfe1 Nf4 19.
Bf1) 18... Nf4 19. Bd1 $2 (19. Rfe1 N6d5 $140 $2 20. exd5 Qg5 21. Bf1 $18)
19... N6d5 $3 20. exd5 Qg5 21. Kf2 $8 (21. g3 Nh3+) 21... Qh4+ 22. Kg1 (22. g3
Qxh2+ 23. Ke1 Ng2+ $19) 22... Qg5 23. Kf2 Qh4+ $6 $138 (23... Qxg2+ $1 24. Ke1
Qxh2 25. Rf2 (25. Rg1 b5 $1 (25... Nh3 $5 26. Rf1 Qg3+ 27. Rf2 (27. Ke2 Nf4+)
27... Qg1+ 28. Nf1 Qxf2+ 29. Qxf2 Nxf2 30. Kxf2 Rxc4 31. Ne3 Rc7 32. Be2 $17)
26. c5 Bxd5 27. cxd6 f6 $17) 25... Qg1+ 26. Nf1 Rxc4 $19) 1/2-1/2

[Event "Interzonal-16"]
[Site "Biel"]
[Date "1993.??.??"]
[Round "11"]
[White "Bareev, Evgeny"]
[Black "Van der Sterren, Paul"]
[Result "0-1"]
[WhiteElo "2660"]
[BlackElo "2525"]
[Annotator "Ftacnik,L"]
[PlyCount "123"]
[EventDate "1993.07.16"]
[EventType "swiss"]
[EventRounds "13"]
[EventCountry "SUI"]
[SourceTitle "CBM 037"]
[Source "ChessBase"]
[SourceDate "1993.12.01"]
[SourceVersion "1"]
[SourceVersionDate "1993.12.01"]
[SourceQuality "1"]

1. d4 Nf6 2. c4 e6 3. Nc3 d5 4. Nf3 Be7 5. Bf4 O-O 6. Qc2 c5 7. dxc5 Bxc5 8. a3
Nc6 9. O-O-O Qa5 (9... Be7 10. e4 $1) (9... Bd7 10. cxd5 exd5 11. Nxd5 $14) 10.
Bd2 Qc7 (10... dxc4 11. Na4 Qb5 12. e3) (10... Qd8 11. Bg5) 11. cxd5 Ne7 (11...
exd5 12. Nxd5 Nxd5 13. Qxc5 Be6 14. e4 $14) 12. Bg5 $5 (12. Na4 b6 13. Nxc5 (
13. b4 Bd6 14. Qxc7 Bxc7 15. dxe6 Bxe6 $44) 13... bxc5 14. dxe6 Bxe6 $44) 12...
Nexd5 13. Nxd5 Nxd5 14. e4 Nb6 15. Kb1 Bd7 16. Rc1 Rfc8 (16... Rac8 $2 17. Be7
$1) 17. b4 Bd6 18. Qd3 Qb8 19. Rxc8+ Bxc8 20. Bf4 Bc7 $8 21. Be2 (21. e5 Nd5
22. Ng5 g6 23. Qh3 h5 24. Qf3 f6 $1) 21... Bd7 22. Bxc7 Qxc7 23. Rc1 Qd8 24.
Ne5 Be8 25. Qxd8 Rxd8 26. Rc7 f6 (26... Rd2 27. Bh5 $1 Rxf2 28. Rxb7 $16 Rxg2
$140 29. Bxf7+ $1 Bxf7 30. Rb8+) 27. Nc4 Bb5 (27... Rc8 $10) 28. Kc2 Rc8 29.
Rxc8+ Nxc8 30. e5 $4 fxe5 31. Kc3 Kf8 32. Bd3 (32. Bf3 Bxc4 33. Kxc4 Ke7 34.
Kc5 Nd6 $17) 32... Bxc4 33. Kxc4 h6 34. a4 Ke7 35. a5 Kd7 36. Bc2 Nd6+ 37. Kd3
(37. Kc5 Kc7 38. b5 b6+ 39. axb6+ axb6+ 40. Kb4 Nf5 $17) 37... Nf5 38. Kc4 Nd6+
39. Kd3 b6 40. axb6 axb6 41. Bd1 Ke7 42. g3 Ne8 43. Kc4 Nc7 44. h4 Kd6 45. Bc2
b5+ 46. Kc3 Kd5 47. f3 (47. Bd3 e4 48. Bf1 Ke5 49. Be2 g5 50. hxg5 hxg5 51. Bf1
e3 52. fxe3 Ke4 53. Kd2 Kf3 54. Kd3 Kxg3 55. Ke4 $132) 47... Kd6 48. Bd3 Nd5+
49. Kb3 Kc6 50. Bg6 Ne7 51. Be8+ Kb6 52. g4 (52. Bf7 Nf5 53. Kc3 Nxg3 54. Bxe6
Ne2+ $19) 52... Nd5 53. Bd7 Nf4 54. h5 $2 (54. Kc3 $1 Ne2+ 55. Kd3 Nd4 56. Ke4
Kc7 57. Kxe5 $1 Nxf3+ 58. Kxe6) 54... Ne2 $1 55. Kc2 Kc7 56. Be8 Kd6 57. Kd3
Nd4 (57... Nf4+ 58. Kc3 (58. Ke4 Nd5 $1 $19)) 58. Ke3 Kd5 59. Kd3 Nxf3 60. Bxb5
Nh2 61. Ba6 Nxg4 62. Bb7+ 0-1

[Event "Gausdal Jubilee"]
[Site "Gausdal"]
[Date "1982.??.??"]
[Round "3"]
[White "Wedberg, Tom Birger"]
[Black "Gruenfeld, Yehuda"]
[Result "1-0"]
[WhiteElo "2435"]
[BlackElo "2505"]
[Annotator "Gagarin,V"]
[PlyCount "106"]
[EventDate "1982.04.??"]
[EventType "swiss"]
[EventRounds "9"]
[EventCountry "NOR"]
[SourceTitle "MCL"]
[Source "ChessBase"]
[SourceDate "1999.07.01"]
[SourceVersion "1"]
[SourceVersionDate "1999.07.01"]
[SourceQuality "1"]

1. d4 Nf6 2. c4 e6 3. Nc3 Bb4 4. Qc2 c5 5. dxc5 O-O 6. Bf4 Na6 7. a3 (7. Bd6
Re8 8. a3 Qa5 (8... Bxc3+ 9. Qxc3 Ne4 10. Qd4 Qa5+ 11. b4 Nxb4 12. axb4 Qxb4+
13. Kd1 Nxf2+ 14. Kc2 $13) 9. Rc1 Bxc3+ 10. Qxc3 Qxc3+ 11. Rxc3 Ne4 12. Rc1
Naxc5 13. Bxc5 Nxc5 14. b4 Ne4 15. e3 $10) 7... Bxc3+ 8. Qxc3 Nxc5 9. b4 (9.
Rd1 d5 10. f3 Bd7 11. e3 Rc8 $17 {Hort,V-Ivkov,B/Petropolis izt/1973/0:1/27/})
(9. e3 d6 10. f3 e5 11. Bg3 a5 $17 {Ungureanu,E-Gipslis,A/Lublin/1972/0:1/19/})
(9. f3 d5 10. e3 dxc4 11. Bxc4 Bd7 12. Bd6 Na4 13. Qd2 Re8 14. Ne2 Bc6 15. b3
Nb6 $10 {Marovic,D-Ivkov,B/Malaga/1968/}) 9... Nfe4 10. Qd4 Nb3 11. Qxe4 Nxa1
12. Be5 (12. Qb1 $2 a5 $17 (12... Qf6 13. Bc1 $13)) 12... a5 13. Bxa1 axb4 14.
Qd4 Qg5 $5 (14... f6 15. axb4 d5 16. e3 e5 (16... dxc4 $6 17. Bxc4 Qc7 18. Bb2
Rd8 19. Qc3 $1 $16 {Tatai}) 17. Qd1 Be6 18. c5 $1 (18. cxd5 $2 Qxd5 $1 $19)
18... b6 19. Bc3 $1 bxc5 20. bxc5 Qc7 21. Bd3 Qxc5 22. Ne2 $10 {Poulsen,
A-Tatai,S/Dortmund/1981/1/2-1/2/39/}) (14... Qf6 15. Qxf6 gxf6 $13 {Salov}) 15.
f4 Qg6 $13 16. f5 $1 Qh6 $6 (16... exf5 17. axb4 $13) (16... Qf6 17. Qxf6 gxf6
$13) 17. g4 f6 (17... d5 18. Nf3 $5 (18. cxd5 exf5 $13) 18... exf5 19. g5 Qg6
20. Rg1 Rxa3 21. Bb2 $1 (21. Nh4 Rxa1+ 22. Qxa1 Qh5 23. Qd4 b3 $44) 21... Rc3
22. Bxc3 bxc3 23. Qxc3 $16) (17... Rxa3 18. Bb2 $1 $36 {P f3}) 18. Nf3 Rxa3 $6
(18... e5 19. Qd5+ Kh8 20. g5 $5 fxg5 21. Nxe5 Rxa3 22. Bb2 $1 $16) (18... exf5
$5 19. gxf5 d6 $132) 19. Bb2 Rb3 $6 (19... Ra2 $5 20. c5 $5 $36 {P e3, c4 <->
h6} (20. h4 e5 21. Qd5+ Kh8 22. g5 Qh5 23. gxf6 gxf6 24. Bxe5 Qxf5 $13)) (19...
exf5 $5 20. Bxa3 bxa3 $44) 20. Nd2 $1 $16 Re3 21. h4 Re5 22. Nf3 Ra5 23. g5 Qh5
24. Rg1 e5 $6 (24... Rxf5 25. gxf6 R5xf6 (25... R8xf6 26. Bh3 Rf4 27. Rxg7+ $1
$18) 26. Rg5 $16) 25. Qd6 Ra6 26. Qd5+ Qf7 (26... Kh8 27. gxf6 gxf6 28. Nxe5
$16) 27. gxf6 $18 Qxd5 28. cxd5 d6 (28... Rfxf6 29. e4 $1 Ra2 30. Bxe5 Rf7 31.
Bc4 Rc2 32. Bb3 Rc1+ 33. Kf2 Rxg1 34. Kxg1 $18) (28... Raxf6 29. Bxe5 Rxf5 30.
Rxg7+ Kh8 31. Rg3+ $18) 29. Rxg7+ Kh8 30. e4 Ra2 (30... Rxf6 31. Rc7 $18) 31.
Rg2 b3 $6 (31... Bd7 32. Bc4 $18) 32. Bc4 Rf7 (32... Rxf6 33. Bxb3 Ra8 34. Nxe5
$18) 33. Bxb3 Ra5 (33... Ra8 34. Nxe5 $1 dxe5 35. d6 Rf8 36. f7 $18) 34. Rc2 $2
(34. Nxe5 $1 dxe5 35. d6 Rf8 36. f7 $18) 34... Bd7 35. Rc7 Rb5 36. Rxd7 $1 Rxd7
37. Ba4 Rxb2 38. Bxd7 h6 (38... b5 39. Ng5 h6 40. Ne6 Kg8 41. Be8 $18) 39. h5 {
P h4} Rb4 40. Kf2 Rxe4 41. Kg3 {P h4} Re3 42. Kf2 Re4 (42... Rd3 43. Nh4 $1 $18
) 43. Nd2 Rh4 (43... Rd4 44. Ke3 Rxd5 45. f7 Kg7 46. Be6 Rd4 47. Ne4 $18 {
P f6-d7}) 44. Kf3 b5 (44... Rxh5 45. Ne4 $18) (44... Rd4 45. Ne4 Rxd5 46. f7
Kg7 47. Be6 Rd3+ 48. Ke2 $18 {P f6-d7}) 45. Bxb5 Rf4+ (45... Rxh5 46. Bd7 $18 {
P e4}) 46. Ke3 Rxf5 47. Ne4 Kg8 48. Be8 Kf8 49. Bg6 Rf1 50. Nxd6 Rxf6 51. Nf5
Ra6 52. Ke4 Rb6 53. Kxe5 Ra6 1-0